Doctor De Soto. (Record no. 111779)
[ view plain ]
| 000 -LEADER | |
|---|---|
| fixed length control field | 00302nam a2200121 a 4500 |
| 005 - DATE AND TIME OF LATEST TRANSACTION | |
| control field | 20140414131921.0 |
| 008 - FIXED-LENGTH DATA ELEMENTS--GENERAL INFORMATION | |
| fixed length control field | 101022s19uu xx 00 eng d |
| 050 ## - LIBRARY OF CONGRESS CALL NUMBER | |
| Classification number | ER |
| Item number | D65 1982 |
| 100 ## - MAIN ENTRY--PERSONAL NAME | |
| Personal name | Steig, William |
| 245 ## - TITLE STATEMENT | |
| Title | Doctor De Soto. |
| 260 ## - PUBLICATION, DISTRIBUTION, ETC. (IMPRINT) | |
| Place of publication, distribution, etc | New York : |
| Name of publisher, distributor, etc | Scholastic , |
| Date of publication, distribution, etc | 1982. |
| Withdrawn status | Lost status | Damaged status | Home library | Current library | Shelving location | Date acquired | Total Checkouts | Full call number | Barcode | Date last seen | Price effective from | Koha item type |
|---|---|---|---|---|---|---|---|---|---|---|---|---|
| Munich Library | Munich Library | Easy Reading Section | 10/22/2010 | ER D65 1982 | M2673 | 04/14/2014 | 04/14/2014 | Books |